[Event "Bandarabbas Blitz"]
[Site "Bandarabbas"]
[Date "2016.01.29"]
[Round "9.4"]
[White "Taherzadeh, Seyed Reza"]
[Black "Soleimanian, Milad"]
[Result "0-1"]
[WhiteElo "1633"]
[BlackElo "1965"]
[PlyCount "100"]
[EventDate "2015.12.31"]
[EventType "swiss (blitz)"]
[EventRounds "9"]
[EventCountry "IRI"]
[SourceTitle "EXT 2024"]
[Source "ChessBase"]
[SourceDate "2023.10.10"]
[SourceVersion "1"]
[SourceVersionDate "2023.10.10"]
[SourceQuality "1"]

1. e4 g6 2. d4 Bg7 3. Nc3 c5 4. Nf3 cxd4 5. Nxd4 Nc6 6. Ndb5 Nf6 7. Bd3 a6 8. Na3 0-0 9. 0-0 b5 10. Bg5 b4 11. Bxf6 exf6 12. Nd5 bxa3 13. bxa3 f5 14. Rb1 fxe4 15. Bxe4 Rb8 16. Qd3 Ne5 17. Qd2 Rxb1 18. Rxb1 d6 19. h3 Qh4 20. Qe3 Be6 21. Rb4 Qh5 22. Qe1 Bxd5 23. Bxd5 Nd3 24. cxd3 Qxd5 25. Qb1 Be5 26. Rb8 Rxb8 27. Qxb8+ Kg7 28. Qb3 Qxb3 29. axb3 Bb2 30. a4 Bc3 31. Kf1 Kf6 32. Ke2 Ke5 33. Ke3 Bd4+ 34. Ke2 Bc5 35. f3 Kd4 36. g4 g5 37. Kd2 Bb4+ 38. Ke2 Kc3 39. Ke3 Kxb3 40. a5 Bxa5 41. Ke4 Bc3 42. d4 a5 43. d5 f6 44. f4 gxf4 45. Kxf4 a4 46. h4 a3 47. g5 fxg5+ 48. hxg5 a2 49. Kf5 a1Q 50. Ke6 Be5 0-1